000 00695nam a2200205 i 4500
001 177164
003 ES-MaACL
005 20250918063043.0
008 110307s1966 sp |||| | spa d
080 _a821.134.2-311.2"19"
100 1 _aFerrer-Vidal, Jorge,
_d1926-
_950501
245 1 3 _aEl gusano blanco /
_cJorge Ferrer-Vidal.
260 _a[Madrid :
_bAlfaguara],
_c1966.
300 _a102 p. ;
_c17 cm.
490 1 _aLa novela popular. Contemporánea, inédita, española ;
_v40
830 0 _aLa novela popular. Contemporánea, inédita, española ;
_v40
_9188024
852 _aES-MaACL
_jE-14586
_xOlim P-213-Ter
852 _aES-MaACL
_jP-409-24
999 _c177164
_d177164